Cơ sở hóa học hữu cơ : Giáo trình dùng cho sinh viên , học viên cao học, nghiên cứu sinh ngành hóa học, công nghệ hóa học, sinh học, công nghệ sinh học, Y học, Dược học, Môi trường... thuộc các hệ đào tạo. Tập 3

Salvato in:
Dettagli Bibliografici
Autore principale:  Thái Doãn Tĩnh
Natura: Sách
Lingua:Undetermined
Pubblicazione:  Khoa học và Kỹ thuật  2008
Soggetti:
Tags: Aggiungi Tag
Nessun Tag, puoi essere il primo ad aggiungerne! !
Thư viện lưu trữ: Trung tâm Thư viện - Trường Đại học Công nghiệp TP. Hồ Chí Minh
LEADER 00782nam a2200157Ia 4500
001 UIH_04744
008 231011s9999 xx 000 0 und d
082 |a  547 
100 |a  Thái Doãn Tĩnh 
245 0 |a  Cơ sở hóa học hữu cơ : Giáo trình dùng cho sinh viên , học viên cao học, nghiên cứu sinh ngành hóa học, công nghệ hóa học, sinh học, công nghệ sinh học, Y học, Dược học, Môi trường... thuộc các hệ đào tạo. Tập 3 
245 0 |c  Thái Doãn Tĩnh 
260 |b  Khoa học và Kỹ thuật 
260 |c  2008 
650 |a  Hóa học hữu cơ;  
927 |a Sách 
980 |a Trung tâm Thư viện - Trường Đại học Công nghiệp TP. Hồ Chí Minh